<?xml version="1.0" encoding="UTF-8"?><?xml-stylesheet type="text/xsl" href="static/style.xsl"?><OAI-PMH xmlns="http://www.openarchives.org/OAI/2.0/" xmlns:xsi="http://www.w3.org/2001/XMLSchema-instance" xsi:schemaLocation="http://www.openarchives.org/OAI/2.0/ http://www.openarchives.org/OAI/2.0/OAI-PMH.xsd"><responseDate>2026-06-02T16:17:54Z</responseDate><request verb="GetRecord" identifier="oai:riuma.uma.es:10630/27472" metadataPrefix="marc">https://riuma.uma.es/rest/oai/request</request><GetRecord><record><header><identifier>oai:riuma.uma.es:10630/27472</identifier><datestamp>2026-02-03T11:48:08Z</datestamp><setSpec>com_10630_2254</setSpec><setSpec>col_10630_37959</setSpec></header><metadata><record xmlns="http://www.loc.gov/MARC21/slim" xmlns:dcterms="http://purl.org/dc/terms/" xmlns:doc="http://www.lyncode.com/xoai" xmlns:xsi="http://www.w3.org/2001/XMLSchema-instance" xsi:schemaLocation="http://www.loc.gov/MARC21/slim http://www.loc.gov/standards/marcxml/schema/MARC21slim.xsd">
   <leader>00925njm 22002777a 4500</leader>
   <datafield ind2=" " ind1=" " tag="042">
      <subfield code="a">dc</subfield>
   </datafield>
   <datafield ind2=" " ind1=" " tag="720">
      <subfield code="a">López Parages, María</subfield>
      <subfield code="e">author</subfield>
   </datafield>
   <datafield ind2=" " ind1=" " tag="720">
      <subfield code="a">Sánchez de Pedro Crespo, Raquel</subfield>
      <subfield code="e">author</subfield>
   </datafield>
   <datafield ind2=" " ind1=" " tag="720">
      <subfield code="a">Smerdou-Gámez, Carlos</subfield>
      <subfield code="e">author</subfield>
   </datafield>
   <datafield ind2=" " ind1=" " tag="260">
      <subfield code="c">2023</subfield>
   </datafield>
   <datafield ind2=" " ind1=" " tag="520">
      <subfield code="a">The green algal genus Ulva Linnaeus (Ulvaceae, Ulvales, Chlorophyta) displays a worldwide&#xd;
distribution in marine, freshwater and brackish ecosystems, and are really well adapted to&#xd;
fluctuating natural environments. Despite increasing interest on the analysis of the&#xd;
ecophysiological responses showed by organisms to face environmental shifts, knowledge of&#xd;
the genetic and molecular mechanisms underlying those responses are still scarce. These&#xd;
responses determine the survival of organisms under pressure of different environmental&#xd;
stresses and the regular ecosystem behaviour. In order to disentangle the genetic networks that&#xd;
might regulate the adaptation mechanisms of these organisms in a changing environment, the&#xd;
characterization of the de novo transcriptome from Ulva lacinulata derived from a coastal&#xd;
ecosystems of southern Spain under in situ cyclic conditions of emersion/immersion by using&#xd;
Next Generation Sequencing technologies was carried out. Transcriptome sequencing and&#xd;
transcript-level expression analysis were performed by Illumina®NextSeq® 550 system&#xd;
platform. A total of 100,251 unigenes were expressed during emersion/immersion process.&#xd;
Based on the differentially expressed genes (DEGs), genes associated with different&#xd;
biosynthetic metabolic pathways were annotated according to Gene Ontology and Kyoto&#xd;
Encyclopedia of Genes and Genomes Orthology (KEGG). These findings shed light on the&#xd;
molecular mechanisms underlying rapid and successful ecophysiological response of marine&#xd;
macroalgae in cyclic tidal conditions.</subfield>
   </datafield>
   <datafield ind1="8" ind2=" " tag="024">
      <subfield code="a">https://hdl.handle.net/10630/27472</subfield>
   </datafield>
   <datafield tag="653" ind2=" " ind1=" ">
      <subfield code="a">Algas marinas - Fisiología</subfield>
   </datafield>
   <datafield tag="653" ind2=" " ind1=" ">
      <subfield code="a">Algas marinas - Genética</subfield>
   </datafield>
   <datafield ind2="0" ind1="0" tag="245">
      <subfield code="a">De novo transcriptome characterization of Ulva lacinulata under in situ emersion/immersion cyclic conditions.</subfield>
   </datafield>
</record>
</metadata></record></GetRecord></OAI-PMH>